Ruotsin kaupunkeja jääkiekkojoukkueiden mukaan - Statistics

Yleistilastot
  • Tätä visaa on pelattu 51 kertaa
  • Keskiarvotulos 9 / 23
Vastaustilastot
Kuvavisa Hint Vastaus % Oikein
994 300 Tukholma
91%
365 300 Malmö
89%
608 400 Göteborg
72%
79 600 Luulaja
70%
128 700 Örebrö
54%
168 000 Linköping
52%
147 300 Jönköping
50%
98 200 Växjö
50%
133 900 Uumaja
48%
17 400 Timrå
46%
78 600 Skellefteå
39%
97 900 Karlstad
37%
247 700 Uppsala
37%
16 100 Leksand
28%
102 800 Södertälje
28%
103 600 Gävle
26%
160 700 Västerås
26%
72 700 Kalmar
22%
55 500 Örnsköldsvik
22%
64 900 Östersund
22%
85 700 Solna
17%
45 000 Ängelholm
9%
30 200 Karlskoga
7%
Ehtoja vastaavia visoja ei löytynyt
Tulosjakauma
Jokaisen tuloksen saaneiden osuus
Persentiili vastausten määrän mukaan
Tuloshistoriasi
Et ole pelannut tätä visaa